Sistema de escolas de governo da união : (Record no. 1545)

MARC details
000 -LÍDER
Campo Fixo de Controle 00835nam a2200253 a 4500
001 - NÚMERO DE CONTROLE
Campo de Controle 1545
003 - IDENTIFICAÇÃO DO NÚMERO DE CONTROLE
Campo de Controle BR-CuiBMT
005 - DATA E HORA DA ÚLTIMA ATUALIZAÇÃO
Campo de Controle 20231214224050.0
008 - DADOS FIXOS
Dados Fixos 231213s2015 dfba 000 0 por d
040 ## - AGÊNCIA CATALOGADORA
Código da Agência Catalogadora BR-CuiBMT
Agência que transcreveu o registro BR-CuiBMT
080 ## - Nº DA CLASSIFICAÇÃO DECIMAL UNIVERSAL
Nº Class. CDU 35:377
Nº edição CDU 2007
090 ## - NÚMERO DE CHAMADA
Nº classificação 35:377
Cutter S623
245 00 - TÍTULO PRINCIPAL
Título principal Sistema de escolas de governo da união :
Subtítulo perfil, identidade e desafios para institucionalização /
Indicação de responsabilidade [autores Diogo Ribeiro da Fonseca ... et al.].
260 ## - PUBLICAÇÃO, DISTRIBUIÇÃO, ETC.
Local de publicação Brasília :
Editora ENAP ;
Data 2015.
300 ## - DESCRIÇÃO FÍSICA
N. páginas ou volumes 138 p. :
Ilustrações il. ;
Dimensões 30 cm
490 1# - INDICAÇÃO DE SÉRIE
Título da série Cadernos ENAP ;
Volume/designação sequencial da série 40
504 ## - NOTA DE BIBLIOGRAFIA, ETC.
Nota de bibliografia Inclui bibliografia.
650 ## - ASSUNTO TÓPICO
Cabeçalho tópico ou nome geográfico Administração pública
Subdivisão geográfica Brasil
650 ## - ASSUNTO TÓPICO
Cabeçalho tópico ou nome geográfico Escola do governo
650 ## - ASSUNTO TÓPICO
Cabeçalho tópico ou nome geográfico Capacitação profissional
700 1# - ENTRADA SECUNDÁRIA -- NOME PESSOAL
Nome pessoal Fonseca, Diogo Ribeiro da
Termo de relação et al.
Cód. do termo explicativo autores
830 ## - ENTRADA SECUNDÁRIA DE SÉRIE -- TÍTULO UNIFORME
Título uniforme Cadernos ENAP ;
Nº do volume/designação sequencial da série 40
942 ## - ELEMENTOS DE ENTRADA ADICIONAIS (KOHA)
Fonte de classificação ou esquema de arquivamento Classificação Decimal Universal
Tipo de item do Koha Livros
Holdings
Estado: removido Estado: perdido Fonte de classificação ou esquema de arquivamento Estado: danificado Indisponível para empréstimo Localização permanente Localização atual Data de aquisição Total Checkouts Número de Chamada completo Código de barras Date last seen Número do exemplar Preço efetivo a partir de Tipo de item (Koha)
    Classificação Decimal Universal     Biblioteca da Escola Superior de Contas do TCE/MT Biblioteca da Escola Superior de Contas do TCE/MT 14/12/2023   35:377 S623 BIBTCEMT23120521 14/12/2023 Ex. 1 14/12/2023 Livros

Powered by Koha